Medalhistas Olímpicos Brasileiros por Foto - Statistics

Estatísticas Gerais
  • Esse quiz foi jogado 114 vezes
  • A pontuação média é 10 de 16
Estatísticas das Respostas
Imagem Resposta % Correto
Neymar Jr
100%
Rayssa Leal
95%
Rebeca Andrade
93%
Bruninho
82%
César Cielo
78%
Ítalo Ferreira
72%
Isaquias Queiroz
71%
Arthur Zanetti
66%
Rafaela Silva
64%
Hortência
61%
Serginho
60%
Bia Ferreira
49%
Jaque
49%
Gustavo Borges
38%
Robert Scheidt
27%
Adhemar Ferreira
21%
Nenhum quiz correspondente encontrado
Distribuição das Pontuações
Porcentagem de Pessoas com Cada Pontuação
Percentil de Números Respondidos
Sua Pontuação Histórica
Você não jogou esse quiz